| 000 | 00509nam a2200193Ia 4500 | ||
|---|---|---|---|
| 005 | 20250423100108.0 | ||
| 008 | 250422s9999 xx 000 0 und d | ||
| 020 | _a9788123922720 | ||
| 050 | _aQM 34 .F37/ | ||
| 100 | _aFaruqi, Nafis A. | ||
| 245 | 0 | _aManual of practical anatomy vol.2 thorax and abdomen | |
| 250 | _a2nd ed. | ||
| 260 | _aNew Delhi | ||
| 260 | _bCBS Publishers & Distributors Pvt. Ltd. | ||
| 260 | _c2014 | ||
| 300 | _a322 p | ||
| 650 | _aHuman anatomy. Dissection. | ||
| 942 | _cBK | ||
| 999 |
_c32269 _d32269 |
||